Gatunki Rekinów - Statystyki

Ogólne statystyki
  • Ten quiz został rozwiązany 25 razy
  • Średni wynik to 5 z 24
Statystyki odpowiedzi
Obrazkowy Odpowiedź % Poprawnych
Rekin wielorybi
82%
Rekin młot
77%
Żarłacz biały
73%
Żarłacz tygrysi
45%
Rekin polarny
41%
Długoszpar
27%
Żarłacz Błękitny
27%
Żarłacz tępogłowy
27%
Kosogon
23%
Tawrosz piaskowy
23%
Rekin wąsaty
18%
Żarłacz czarnopłetwy
18%
Rekin lamparci
14%
Żarłacz Żółty
14%
Rekinek psi
9%
Koleń pospolity
5%
Rekin bambusowy
5%
Rekin epoletowy
5%
Rekin wielkogębowy
5%
Żarłacz ciemnoskóry
5%
Ostronos atlantycki
0%
Rekinek leniwy
0%
Rekin łososiowy
0%
Siedmioszpar
0%
Nie znaleziono quizów pasujących do podanych kryteriów
Rozkład punktacji
Procent ludzi z każdym wynikiem
Percentyl według liczby udzielonych odpowiedzi
Twoja historia wyników
Nie rozwiązałeś tego quizu